000 00325nam a22001337a 4500
008 170908b xxu||||| |||| 00| 0 eng d
020 _a0471884901
041 _aeng
080 _23RD
_a91
100 _a42
101 _aGJEO
245 _aREGIONAL LANDSCAPES OF THE UNITED STATES AND CANADA
_cBIRDSALL,S.S
942 _2udc
_cBK
999 _c26787
_d26787